000
00402nam a2200145Ia 4500
008
100122s9999 xx 000 0 und d
082
_b
1539
_a
823
100
_a
भिडे भि गो
245
_a
मुकूरमणी
260
_b
प्रकाशक शोधणे
_c
1924
300
_a
55
630
_a
मुकूरमणी
730
_a
मुकूरमणी
942
_c
BOOK
999
_c
396272
_d
396269